La sociología de Pierre Bourdieu

Guardat en:
Dades bibliogràfiques
Autor principal: Bonnewitz, Patrice (Autor)
Format: Llibre
Idioma:espanyol
Publicat: Buenos Aires Nueva Visión 2003
Col·lecció:Colección Claves
Matèries:
Etiquetes: Afegir etiqueta
Sense etiquetes, Sigues el primer a etiquetar aquest registre!

MARC

LEADER 00000nam a2200000 a 4500
001 UCI1672
003 CL-VaPUC
008 070713e20030000AG |||||||||||||||||spa|d
020 |a 9506024553 
082 0 4 |a 301  |b BON  |2 21 
100 0 |a Bonnewitz, Patrice  |e author  |9 522309 
245 1 3 |a La sociología de Pierre Bourdieu 
300 |a 126 p 
942 |c BK 
945 |d 20070713 00:00:00  |a rbrito 
260 |a Buenos Aires  |b Nueva Visión  |c 2003 
600 0 7 |a BOURDIEU, PIERRE  |2 CL-VaPUC  |9 308635 
650 0 |a Sociología   |9 255410 
583 |a last modification  |c 20070713 00:00:00  |k Rodrigo Vera 
490 0 |a Colección Claves 
999 |c 326435  |d 326433 
952 |0 0  |1 0  |4 0  |6 301_000000000000000_BON_2003  |7 0  |8 A  |9 408316  |a BIBCUR  |b BIBCUR  |d 2019-11-22  |i 4356853  |l 1  |o 301 BON 2003  |p 4356853  |r 2025-04-22  |s 2025-03-19  |w 2019-11-22  |y BK  |k MGC